ბათუმის შოთა რუსთაველის სახელმწიფო უნივერსიტეტის ბიბლიოთეკა

Внимание самому важному=Attention Pays How to Drive Profitability, Productivity, and Accountability: (ბიბ.ჩანაწერი № 62525)

000 -LEADER
fixed length control field 01245nam a22002057a 4500
005 - DATE AND TIME OF LATEST TRANSACTION
control field 20241128151413.0
008 - FIXED-LENGTH DATA ELEMENTS--GENERAL INFORMATION
fixed length control field 241128s2019 ru ||||| |||| 00| 0 rus d
020 ## - INTERNATIONAL STANDARD BOOK NUMBER
International Standard Book Number 9785001462880X
041 ## - LANGUAGE CODE
Language code of text/sound track or separate title rus
080 ## - UNIVERSAL DECIMAL CLASSIFICATION NUMBER
Universal Decimal Classification number 159.952 Д-40
100 ## - MAIN ENTRY--PERSONAL NAME
Personal name Джеймс Нин
Relator term Автор
9 (RLIN) 23820
245 ## - TITLE STATEMENT
Title Внимание самому важному=Attention Pays How to Drive Profitability, Productivity, and Accountability:
Remainder of title От стресса и хаоса к осмысленности и концентрации /
Statement of responsibility, etc. Нин Джеймс, пер. с анг. М. Сухотиной
264 ## - PRODUCTION, PUBLICATION, DISTRIBUTION, MANUFACTURE, AND COPYRIGHT NOTICE
Place of production, publication, distribution, manufacture Мщсква :
Name of producer, publisher, distributor, manufacturer Манн, Иванов и Фербер,
Date of production, publication, distribution, manufacture, or copyright notice 2019.
300 ## - PHYSICAL DESCRIPTION
Extent 240 c;.
Other physical details 23 cm.
653 ## - INDEX TERM--UNCONTROLLED
keyword Внимание самому важному. От стресса и хаоса к осмысленности и концентрации
653 ## - INDEX TERM--UNCONTROLLED
keyword ფოკუსირება იმაზე, რაც ყველაზე მნიშვნელოვანია. სტრესიდან და ქაოსიდან აზრამდე და ფოკუსამდე
653 ## - INDEX TERM--UNCONTROLLED
keyword ფსიქოლოგია
700 ## - ADDED ENTRY--PERSONAL NAME
Personal name Сухотиной, М.
Relator term მთარგმნელი
9 (RLIN) 23821
942 ## - ADDED ENTRY ELEMENTS (KOHA)
Source of classification or shelving scheme
Koha item type წიგნი
ეგზემპლარები
Withdrawn status Lost status Source of classification or shelving scheme Damaged status Not for loan Permanent Location Current Location Shelving location Date acquired Cost, normal purchase price Full call number Barcode Date last seen Copy number Price effective from Koha item type Public note
          ბათუმის შოთა რუსთაველის სახელმწიფო უნივერსიტეტის მთავარი ბიბლიოთეკა ბათუმის შოთა რუსთაველის სახელმწიფო უნივერსიტეტის მთავარი ბიბლიოთეკა წიგნსაცავი 2024-11-28 77.00 159.952 Д-40 69884 2024-11-28 69884 2024-11-28 წიგნი 77.00